Engineering mechanics (Record no. 18469)

000 -LEADER
fixed length control field 00524nam a22002057a 4500
001 - CONTROL NUMBER
control field 18469
003 - CONTROL NUMBER IDENTIFIER
control field BD-DhUET
008 - FIXED-LENGTH DATA ELEMENTS--GENERAL INFORMATION
fixed length control field 150330b xxu||||| |||| 00| 0 eng d
020 ## - INTERNATIONAL STANDARD BOOK NUMBER
International Standard Book Number 8122406173
040 ## - CATALOGING SOURCE
Original cataloging agency DLC
Transcribing agency DLC
Modifying agency BD-DhUET
082 ## - DEWEY DECIMAL CLASSIFICATION NUMBER
Classification number 620.1
Item number BHA/1994
100 ## - MAIN ENTRY--PERSONAL NAME
Personal name Bhavikatti, S. S.
245 ## - TITLE STATEMENT
Title Engineering mechanics
250 ## - EDITION STATEMENT
Edition statement 1st ed.
260 ## - PUBLICATION, DISTRIBUTION, ETC. (IMPRINT)
Place of publication, distribution, etc. New Delhi
Name of publisher, distributor, etc. New Age International
Date of publication, distribution, etc. 1994
300 ## - PHYSICAL DESCRIPTION
Extent xiii, 537p.
Other physical details ill.
650 #0 - SUBJECT ADDED ENTRY--TOPICAL TERM
Topical term or geographic name as entry element Engineering mechanics
700 ## - ADDED ENTRY--PERSONAL NAME
Personal name Rajashekarappa, K. G.
942 ## - ADDED ENTRY ELEMENTS (KOHA)
Koha item type General Book
Holdings
Location (home branch) Copy number Lost status Withdrawn status Damaged status Sublocation or collection (holding branch) Koha normalized classification for sorting Date acquired Koha full call number Not for loan Koha date last seen Piece designation (barcode) Shelving location Price effective from Koha item type Source of classification or shelving scheme
Central Library, BUET1   Central Library, BUET620_100000000000000_BHA_19942015-03-30620.1/BHA/1994 2015-03-3089832Circulation section2015-03-30General Book 
Central Library, BUET2   Central Library, BUET620_100000000000000_BHA_19942015-03-30620.1/BHA/1994 2015-03-3089830Circulation section2015-03-30General Book 
Central Library, BUET3   Central Library, BUET620_100000000000000_BHA_19942015-06-16620.1/BHA/1994 2015-06-1689511Reading section2015-06-16Reading Item 
Central Library, BUET4   Central Library, BUET620_100000000000000_BHA_19942015-06-16620.1/BHA/1994 2015-06-1689510Reading section2015-06-16Reading Item